[Event "1700's Anonymous - The Continuing Adventures"]
[Site "SchemingMind.com"]
[Date "2011.11.05"]
[Round "-"]
[White "Olli Ylönen"]
[Black "Clive Everill"]
[Result "1/2-1/2"]
[WhiteCountry "FIN"]
[BlackCountry "CZE"]
[WhiteElo "1778"]
[WhiteRD "48"]
[BlackElo "1816"]
[BlackRD "51"]
[GameID "296408"]

1. e4 c5 2. Nf3 a6 3. c3 b6 4. d4 Bb7 5. Bd3 g6 6. O-O Bg7 7. Re1 Nf6 8. e5 Ng8 9. Be4 Bxe4 10. Rxe4 e6
11. Bg5 Ne7 12. Nbd2 O-O 13. dxc5 bxc5 14. Rc4 h6 15. Bxe7 Qxe7 16. Ne4 Nc6 17. Nxc5 Nxe5 18. Nxe5 Bxe5 19. Qxd7 Qf6 20. Ne4 Qg7
21. Qd3 f5 22. Nc5 Rfd8 23. Qe2 Rd5 24. Nxa6 Rad8 25. Qc2 Rd2 26. Qb3 Qa7 27. Nc5 Rb8 28. Rb4 Rxb4 29. Qxe6+ Kh7 30. cxb4 Bxb2
31. Rb1 Bd4 32. a4 Rxf2 33. Kh1 Rxg2 34. Kxg2 Qa8+ 35. Kg3 Qb8+ 36. Kg2 Qa8+ 37. Kg3=
1/2-1/2

[Event "1700's Anonymous - The Continuing Adventures"]
[Site "SchemingMind.com"]
[Date "2011.11.05"]
[Round "-"]
[White "Clive Everill"]
[Black "Olli Ylönen"]
[Result "1-0"]
[WhiteCountry "CZE"]
[BlackCountry "FIN"]
[WhiteElo "1816"]
[WhiteRD "51"]
[BlackElo "1778"]
[BlackRD "48"]
[GameID "296409"]

1. e4 c5 2. Nf3 d6 3. c3 Nf6 4. Be2 Nbd7 5. Qc2 Qc7 6. O-O b6 7. Re1 Bb7 8. Bf1 g6 9. d3 h6 10. h3 Bg7
11. Be3 O-O 12. Nbd2 d5 13. exd5 Nxd5 14. Nh2 h5 15. Nc4 b5 16. Na3 a6 17. c4 Nb4 18. Qd2 Be5 19. f4 Bd4 20. Bxd4 Nxd3
21. Rxe7 bxc4 22. Be5 N3xe5 23. fxe5 Qc6 24. Nxc4 Rfd8 25. Qf4 Rf8 26. Nd6 Qd5 27. Nxb7 Qxb7 28. Rd1 Qxb2 29. Rdxd7 Qxa2 30. Bc4
1-0

[Event "1700's Anonymous - The Continuing Adventures"]
[Site "SchemingMind.com"]
[Date "2011.11.05"]
[Round "-"]
[White "jjb091"]
[Black "Clive Everill"]
[Result "0-1"]
[WhiteCountry "USA"]
[BlackCountry "CZE"]
[WhiteElo "1761"]
[WhiteRD "137"]
[BlackElo "1816"]
[BlackRD "51"]
[GameID "296415"]

1. e4 e6 2. d4 d5 3. Nc3 Nf6 4. Bg5 Bb4 5. e5 h6 6. Be3 Nfd7 7. Qg4 g6 8. Bd3 Bxc3+ 9. bxc3 b6 10. h4 Ba6
11. Bxg6 fxg6 12. Qxg6+ Kf8 13. Bxh6+ Rxh6 14. Qxh6+ Ke7 15. Rh3 Qf8 16. Qg5+ Ke8 17. Rf3 Qe7 18. h5 Qxg5 19. Nh3 Qxg2 20. Re3 Qh1+
0-1

[Event "1700's Anonymous - The Continuing Adventures"]
[Site "SchemingMind.com"]
[Date "2011.11.04"]
[Round "-"]
[White "jjb091"]
[Black "Olli Ylönen"]
[Result "1-0"]
[WhiteCountry "USA"]
[BlackCountry "FIN"]
[WhiteElo "1871"]
[WhiteRD "90"]
[BlackElo "1768"]
[BlackRD "52"]
[GameID "296416"]

1. e4 e5 2. Nf3 Nc6 3. Bb5 a6 4. Ba4 Nf6 5. O-O Be7 6. Re1 b5 7. Bb3 d6 8. c3 O-O 9. h3 Nd7 10. a4 Bb7
11. d4 Bf6 12. Na3 exd4 13. cxd4 Re8 14. axb5 axb5 15. Bf4 Na5 16. Bc2 b4 17. Nb5 Bc6 18. Bd3 Qb8 19. Qe2 Qb6 20. d5 Bb7
21. Be3 Nc5 22. Qc2 Nab3 23. Rad1 Be5 24. Nxe5 dxe5 25. Bc4 c6 26. Nd6 Re7 27. Bxb3
1-0

[Event "1700's Anonymous - The Continuing Adventures"]
[Site "SchemingMind.com"]
[Date "2011.11.05"]
[Round "-"]
[White "Clive Everill"]
[Black "jjb091"]
[Result "0-1"]
[WhiteCountry "CZE"]
[BlackCountry "USA"]
[WhiteElo "1785"]
[WhiteRD "52"]
[BlackElo "1871"]
[BlackRD "90"]
[GameID "296417"]

1. e4 c5 2. Nf3 d6 3. c3 Nf6 4. Bb5+ Bd7 5. Bd3 Nc6 6. h3 e5 7. O-O Be7 8. Na3 O-O 9. Bc2 a6 10. d3 b5
11. Bg5 h6 12. Bh4 Re8 13. Nd2 Nh7 14. Bxe7 Qxe7 15. f4 exf4 16. Rxf4 Qg5 17. Rf3 Ne5 18. Rf2 Bxh3 19. Qe2 Be6 20. Nf3 Nxf3+
21. Qxf3 Nf6 22. b3 Bg4 23. Qf4 Qxf4 24. Rxf4 Be6 25. Raf1 Rac8 26. d4 b4 27. cxb4 cxb4 28. Nb1 Rxc2 29. d5 Bxd5 30. exd5 Ree2
31. R4f2 Rxa2 32. Rxe2 Rxe2 33. Rd1 Rb2 34. Nd2 Kf8 35. Nc4 Rxb3 36. Nxd6 a5 37. Nb7 a4 38. d6 Nd7 39. Na5 Re3 40. Rc1 b3
41. Kf2 Re6 42. Rc8+ Re8 43. Rc7 b2 44. Rb7 a3 45. Nc4 Nc5 46. Rb5 Ne4+ 47. Kg1 Nxd6 48. Nxd6 Re1+
0-1

[Event "1700's Anonymous - The Continuing Adventures"]
[Site "SchemingMind.com"]
[Date "2011.11.05"]
[Round "-"]
[White "Olli Ylönen"]
[Black "jjb091"]
[Result "1-0"]
[WhiteCountry "FIN"]
[BlackCountry "USA"]
[WhiteElo "1778"]
[WhiteRD "48"]
[BlackElo "1761"]
[BlackRD "137"]
[GameID "296418"]

1. e4 e6 2. d4 d5 3. Nc3 Bb4 4. e5 Ne7 5. a3 Bxc3+ 6. bxc3 c5 7. Qg4 Qc7 8. Qxg7 Rg8 9. Qxh7 cxd4 10. Ne2 dxc3
11. f4 Nbc6 12. Qd3 Bd7 13. Qxc3 Nf5 14. Rb1 d4 15. Qd3 O-O-O 16. Rg1 Nce7 17. g4 Ba4 18. Bg2 Bxc2 19. Bxb7+ Kd7 20. Qb5+ Nc6
21. Bxc6+ Kc8 22. Qa6+
1-0

[Event "1700's Anonymous - The Continuing Adventures"]
[Site "SchemingMind.com"]
[Date "2011.11.15"]
[Round "-"]
[White "emvarela"]
[Black "jjb091"]
[Result "1-0"]
[WhiteCountry "ARG"]
[BlackCountry "USA"]
[WhiteElo "1797"]
[WhiteRD "49"]
[BlackElo "1816"]
[BlackRD "87"]
[GameID "296729"]

1. e4 e6 2. d4 d5 3. Nc3 Bb4 4. e5 c5 5. a3 Bxc3+ 6. bxc3 Ne7 7. Qg4 O-O 8. Bd3 Qa5 9. Bd2 Nbc6 10. Nf3 f5
11. Qh4 Qa4 12. dxc5 Qxh4 13. Nxh4 Nxe5 14. f4 N5g6 15. Nxg6 Nxg6 16. Kf2 Bd7 17. Rab1 Rab8 18. Bb5 Bxb5 19. Rxb5 Rf7 20. Re1 Re7
21. g3 e5 22. fxe5 Rxe5 23. Rxe5 Nxe5 24. Bf4 Ng4+ 25. Kg2 Kf7 26. Bxb8
1-0

[Event "1700's Anonymous - The Continuing Adventures"]
[Site "SchemingMind.com"]
[Date "2011.11.15"]
[Round "-"]
[White "emvarela"]
[Black "Clive Everill"]
[Result "1-0"]
[WhiteCountry "ARG"]
[BlackCountry "CZE"]
[WhiteElo "1819"]
[WhiteRD "48"]
[BlackElo "1733"]
[BlackRD "56"]
[GameID "296730"]

1. e4 d5 2. exd5 Qxd5 3. Nc3 Qa5 4. d4 Nf6 5. Nf3 c6 6. Bd2 Bf5 7. Bc4 e6 8. Qe2 Bb4 9. O-O-O Nbd7 10. a3 Bxc3
11. Bxc3 Qc7 12. Ne5 b5 13. Bd3 Bxd3 14. Rxd3 Nd5 15. g3 a5 16. b3 b4 17. Bb2 O-O 18. Nxd7 Qxd7 19. a4 Rfc8 20. f4 c5
21. dxc5 Rxc5 22. Rhd1 Qc8 23. R1d2 Qb7 24. Qe5 f6 25. Qxe6+ Qf7 26. Qxf7+ Kxf7 27. Rxd5 Rxd5 28. Rxd5 Ke6 29. Rd3 h6 30. g4 g6
31. h4 f5 32. g5 hxg5 33. hxg5 Rh8 34. Be5 Rh1+ 35. Kb2 Rh2 36. Rd6+ Kf7 37. Ra6 Re2 38. Rxa5
1-0

[Event "1700's Anonymous - The Continuing Adventures"]
[Site "SchemingMind.com"]
[Date "2011.11.15"]
[Round "-"]
[White "emvarela"]
[Black "Olli Ylönen"]
[Result "0-1"]
[WhiteCountry "ARG"]
[BlackCountry "FIN"]
[WhiteElo "1797"]
[WhiteRD "49"]
[BlackElo "1797"]
[BlackRD "52"]
[GameID "296731"]

1. d4 Nc6 2. e4 d5 3. e5 Bf5 4. Nf3 e6 5. Bb5 Ne7 6. O-O a6 7. Bxc6+ Nxc6 8. Bg5 Be7 9. Bxe7 Qxe7 10. c3 f6
11. exf6 Qxf6 12. Nbd2 O-O-O 13. Qe2 Qg6 14. Ne5 Nxe5 15. Qxe5 Rhf8 16. Nf3 Bd3 17. Nh4 Qg4
0-1

[Event "1700's Anonymous - The Continuing Adventures"]
[Site "SchemingMind.com"]
[Date "2011.11.15"]
[Round "-"]
[White "jjb091"]
[Black "emvarela"]
[Result "1/2-1/2"]
[WhiteCountry "USA"]
[BlackCountry "ARG"]
[WhiteElo "1881"]
[WhiteRD "88"]
[BlackElo "1815"]
[BlackRD "51"]
[GameID "296732"]

1. e4 e5 2. Nf3 Nc6 3. Bb5 a6 4. Ba4 Nf6 5. O-O Be7 6. Re1 b5 7. Bb3 O-O 8. a4 b4 9. d4 d6 10. dxe5 dxe5
11. Nbd2 Bg4 12. h3 Bh5 13. Nc4 Qxd1 14. Rxd1 Bxf3 15. gxf3 Nd4 16. Nxe5 Nxb3 17. cxb3 Bd6 18. Nc4 Rad8 19. Nxd6 Rxd6 20. Bg5 Rfd8
21. Rxd6 Rxd6 22. Rc1 c6 23. Rc2 h6 24. Bd2 Nd7 25. Bxb4 Rg6+ 26. Kf1 Ne5 27. f4 Nd3 28. Bd2 c5 29. f5 Rb6 30. Be3 Rxb3
31. Rc3 Rxc3 32. bxc3 f6=
1/2-1/2

[Event "1700's Anonymous - The Continuing Adventures"]
[Site "SchemingMind.com"]
[Date "2011.11.15"]
[Round "-"]
[White "Clive Everill"]
[Black "emvarela"]
[Result "0-1"]
[WhiteCountry "CZE"]
[BlackCountry "ARG"]
[WhiteElo "1733"]
[WhiteRD "56"]
[BlackElo "1819"]
[BlackRD "48"]
[GameID "296733"]

1. d4 Nf6 2. Nc3 d5 3. Bg5 Nbd7 4. f4 h6 5. Bh4 c6 6. Qd3 e6 7. O-O-O Be7 8. e4 dxe4 9. Nxe4 Nxe4 10. Qxe4 Bxh4
11. f5 Bg5+ 12. Kb1 O-O 13. fxe6 Nf6 14. exf7+ Rxf7 15. Qe1 Bf5 16. Bc4 Nd5 17. Nf3 Kf8 18. Ne5 Re7 19. Qf2 Ne3 20. Bd3 Qd6
21. Bxf5 Nxd1 22. Rxd1 Rxe5 23. Bg4+ Bf6 24. dxe5 Qxe5 25. c3 Qe4+ 26. Ka1 Qxg4 27. Rf1 Qg5 28. g3 b6 29. h4 Qd5 30. g4 Kg8
31. g5 hxg5 32. h5 Rf8 33. Qc2 Re8 34. Qg6 Re2 35. h6 Qd2 36. h7+ Kh8 37. Qb1 Qc2 38. Qxc2 Rxc2 39. Kb1 Rh2 40. Re1 Kxh7
41. Re8 Rd2 42. Ra8 Rd7 43. Kc2 g4 44. Re8 g3 45. Re2 Re7 46. Rg2 Be5 47. b4 Bf4 48. a4 Re3 49. Kb3 Be5
0-1

[Event "1700's Anonymous - The Continuing Adventures"]
[Site "SchemingMind.com"]
[Date "2011.11.15"]
[Round "-"]
[White "Olli Ylönen"]
[Black "emvarela"]
[Result "1-0"]
[WhiteCountry "FIN"]
[BlackCountry "ARG"]
[WhiteElo "1797"]
[WhiteRD "52"]
[BlackElo "1797"]
[BlackRD "49"]
[GameID "296734"]

1. e4 e5 2. Nf3 Nc6 3. d4 exd4 4. Nxd4 Nxd4 5. Qxd4 d6 6. Nc3 Nf6 7. Bg5 Be7 8. O-O-O Be6 9. f4 h6 10. Bxf6 Bxf6
11. e5 dxe5 12. Qa4+ Bd7 13. Qe4 O-O 14. fxe5 Bg5+ 15. Kb1 c6 16. Bd3 g6 17. h4 Be7 18. g4 Bxh4 19. e6 Bxe6 20. Bc4 Qe7
21. Bxe6 Rae8 22. Qxg6+
1-0

[Event "1700's Anonymous - The Continuing Adventures"]
[Site "SchemingMind.com"]
[Date "2011.11.18"]
[Round "-"]
[White "Daryl Fouard"]
[Black "jjb091"]
[Result "1/2-1/2"]
[WhiteCountry "USA"]
[BlackCountry "USA"]
[WhiteElo "1812"]
[WhiteRD "68"]
[BlackElo "1871"]
[BlackRD "90"]
[GameID "297138"]

1. e4 e6 2. c4 d5 3. exd5 exd5 4. cxd5 Nf6 5. Bb5+ Nbd7 6. Nc3 a6 7. Be2 Nb6 8. Nf3 Nbxd5 9. O-O Be6 10. Nd4 Qd7
11. Nxd5 Bxd5 12. Re1 Be7 13. Bf3 O-O 14. b3 Rfe8 15. Bxd5 Nxd5 16. Bb2 Bf6 17. Qc2 Nf4 18. Qc4 Ng6 19. Rxe8+ Rxe8 20. Rc1 Bg5
21. Nf3 h6 22. Nxg5 hxg5 23. g3 c6 24. Qc3 f6 25. Qc4+ Qf7 26. Qxf7+=
1/2-1/2

[Event "1700's Anonymous - The Continuing Adventures"]
[Site "SchemingMind.com"]
[Date "2011.11.17"]
[Round "-"]
[White "Daryl Fouard"]
[Black "Clive Everill"]
[Result "1-0"]
[WhiteCountry "USA"]
[BlackCountry "CZE"]
[WhiteElo "1812"]
[WhiteRD "68"]
[BlackElo "1785"]
[BlackRD "52"]
[GameID "297139"]

1. e4 e5 2. f4 exf4 3. Bc4 Ne7 4. Ne2 Ng6 5. O-O Bd6 6. Nbc3 O-O 7. d4 b6 8. Nxf4 Nxf4 9. Bxf4 Bxf4 10. Rxf4 Bb7
11. Qf3 Qe7 12. Rf1 d5 13. Nxd5 Bxd5 14. Bxd5 c6 15. Rxf7 Rxf7 16. Qxf7+ Qxf7 17. Bxf7+ Kh8 18. Be8 g6 19. Rf6 Kg7 20. e5 Na6
21. Bxc6 Rd8 22. d5 Nb4 23. c4 Nxa2 24. Rd6 Rf8 25. Rd7+ Kh6 26. g4 Nc3 27. h4 Ne2+ 28. Kh1 Rf1+ 29. Kg2 Rf4 30. e6 Rxc4
31. e7 Re4 32. Rxa7 Nd4 33. e8=Q Rxe8 34. Bxe8
1-0

[Event "1700's Anonymous - The Continuing Adventures"]
[Site "SchemingMind.com"]
[Date "2011.11.19"]
[Round "-"]
[White "Daryl Fouard"]
[Black "emvarela"]
[Result "0-1"]
[WhiteCountry "USA"]
[BlackCountry "ARG"]
[WhiteElo "1812"]
[WhiteRD "68"]
[BlackElo "1787"]
[BlackRD "47"]
[GameID "297140"]

1. e4 e5 2. f4 exf4 3. Bc4 Qh4+ 4. Kf1 Nf6 5. Nc3 Ng4 6. Nh3 Bc5 7. d4 Bb6 8. Bxf4 c6 9. Bg3 Qf6+ 10. Nf2 Ne3+
0-1

[Event "1700's Anonymous - The Continuing Adventures"]
[Site "SchemingMind.com"]
[Date "2011.11.17"]
[Round "-"]
[White "Daryl Fouard"]
[Black "Olli Ylönen"]
[Result "1-0"]
[WhiteCountry "USA"]
[BlackCountry "FIN"]
[WhiteElo "1812"]
[WhiteRD "68"]
[BlackElo "1768"]
[BlackRD "52"]
[GameID "297141"]

1. e4 e5 2. f4 exf4 3. Bc4 Nf6 4. Qe2 Bc5 5. e5 O-O 6. d4 Bxd4 7. Nf3 d5 8. Nxd4 dxc4 9. O-O Qxd4+ 10. Kh1 Re8
11. c3 Qxe5 12. Qxc4 Be6 13. Qb4 Na6 14. Qxb7 Nc5 15. Qb5 Rab8 16. Qa5 Bc4 17. Bxf4 Qe1 18. Nd2 Qh4 19. Nxc4 Nd3 20. Bxc7 Ra8
21. Nd6 Ng4 22. Nf5 Qh5 23. Ne7+
1-0

[Event "1700's Anonymous - The Continuing Adventures"]
[Site "SchemingMind.com"]
[Date "2011.11.19"]
[Round "-"]
[White "jjb091"]
[Black "Daryl Fouard"]
[Result "1-0"]
[WhiteCountry "USA"]
[BlackCountry "USA"]
[WhiteElo "1816"]
[WhiteRD "87"]
[BlackElo "1814"]
[BlackRD "67"]
[GameID "297142"]

1. e4 c5 2. Nf3 g6 3. d4 Bg7 4. dxc5 Qc7 5. c3 Qxc5 6. Na3 Bxc3+ 7. bxc3 Qxc3+ 8. Qd2 Qxa1 9. Nb5 Na6 10. Nc3 Nc5
11. Nd4 Nf6 12. f3 Nfxe4 13. fxe4 Nxe4 14. Nxe4 Qb1 15. Bd3 Qb6 16. Qf2 O-O 17. O-O d5 18. Bh6 f5 19. Bxf8 dxe4 20. Bxe4 Kxf8
21. g4 e6 22. Qd2 Kg7 23. gxf5 exf5 24. Bg2 Bd7 25. Kh1 Rd8 26. Qc3 Qf6 27. Ne2 Qxc3 28. Nxc3 Rc8 29. Rc1 b5 30. Ne2 Re8
31. Rc7 Rxe2 32. Rxd7+ Kh6 33. Kg1 Rxa2 34. Bd5 Ra1+ 35. Kf2 Rd1 36. Ke2 Rb1 37. Bg8 a5 38. h4 Kh5 39. Rxh7+ Kg4 40. Ra7 a4
41. Bh7 Kxh4 42. Bxg6 f4 43. Bxb1
1-0

[Event "1700's Anonymous - The Continuing Adventures"]
[Site "SchemingMind.com"]
[Date "2011.11.17"]
[Round "-"]
[White "Clive Everill"]
[Black "Daryl Fouard"]
[Result "0-1"]
[WhiteCountry "CZE"]
[BlackCountry "USA"]
[WhiteElo "1733"]
[WhiteRD "52"]
[BlackElo "1814"]
[BlackRD "67"]
[GameID "297143"]

1. e4 c5 2. Nf3 g6 3. c4 e6 4. Nc3 f5 5. exf5 exf5 6. d4 cxd4 7. Nxd4 Bg7 8. Be3 Nc6 9. Be2 a6 10. O-O Nxd4
11. Bxd4 Nf6 12. Bf3 O-O 13. Nd5 Nxd5 14. Bxd5+ Kh8 15. Bxg7+ Kxg7 16. Re1 d6 17. Be6 Re8 18. Qd4+ Kh6 19. Bxc8 Rxe1+ 20. Rxe1 Rxc8
21. b3 Qg5 22. Qxd6 Rd8 23. Qb4 Qd2= 24. Qxd2+ Rxd2 25. Ra1 b6 26. f4 Kh5 27. a4 Rb2 28. Ra3 Kg4 29. a5 bxa5 30. Rxa5 Rxb3
31. Rxa6 Kxf4 32. Kf2 Rc3 33. Ra4 Rc2+ 34. Ke1 Rxg2 35. c5+ Ke3 36. Ra3+ Kd4 37. c6 Rc2 38. Ra7 Rxc6 39. Rxh7 f4 40. Kf2 Ke4
41. Re7+ Kf5 42. Re2 Kg4 43. Kg1 f3 44. Re3 Rc1+ 45. Kf2= Rh1 46. Re4+ Kf5 47. Kxf3 Rxh2 48. Rf4+ Kg5 49. Rg4+ Kh5 50. Rd4 g5
51. Kg3 Rb2 52. Rd5 Rb3+ 53. Kh2 Kh4 54. Rd4+ g4 55. Rd2 Rf3 56. Kg2 Rf4 57. Rd7 Rf6 58. Rg7 Rc6 59. Rh7+ Kg5 60. Rg7+ Kh5
61. Kg3 Rc3+ 62. Kf4 Rf3+ 63. Ke4 Kh4 64. Rh7+ Kg3 65. Rg7 Rb3 66. Rh7 Kf2 67. Rh2+ Kg1 68. Rd2 g3 69. Kf4 g2 70. Rd6 Kh2
71. Rd2 Kh1 72. Rd5 g1=Q
0-1

[Event "1700's Anonymous - The Continuing Adventures"]
[Site "SchemingMind.com"]
[Date "2011.11.19"]
[Round "-"]
[White "emvarela"]
[Black "Daryl Fouard"]
[Result "1/2-1/2"]
[WhiteCountry "ARG"]
[BlackCountry "USA"]
[WhiteElo "1797"]
[WhiteRD "49"]
[BlackElo "1814"]
[BlackRD "67"]
[GameID "297144"]

1. e4 c5 2. Nf3 g6 3. d4 Bg7 4. Nc3 Qa5 5. Be3 d6 6. e5 dxe5 7. dxe5 Bg4 8. Be2 Bxf3 9. Bxf3 Nc6 10. Bxc6+ bxc6
11. Qf3 Qb6 12. O-O-O Nh6 13. Na4 Qb5 14. Nxc5 Bxe5 15. Nb3 Nf5 16. g4 Nxe3 17. fxe3 O-O 18. h4 c5 19. Rd5 Bd6 20. h5 Rab8
21. hxg6 fxg6 22. Qh3 Rf7 23. g5 a5 24. a4 Qxa4 25. Qe6 Qb5 26. Rf5 gxf5 27. g6 hxg6 28. Qxg6+ Rg7 29. Qe6+ Rf7 30. Qg6+ Rg7
31. Qe6+ Rf7 32. Qg6+
1/2-1/2

[Event "1700's Anonymous - The Continuing Adventures"]
[Site "SchemingMind.com"]
[Date "2011.11.18"]
[Round "-"]
[White "Olli Ylönen"]
[Black "Daryl Fouard"]
[Result "0-1"]
[WhiteCountry "FIN"]
[BlackCountry "USA"]
[WhiteElo "1768"]
[WhiteRD "52"]
[BlackElo "1812"]
[BlackRD "68"]
[GameID "297145"]

1. e4 c5 2. Nf3 g6 3. d4 Bg7 4. dxc5 Qc7 5. Nc3 Qxc5 6. Nd5 Qa5+ 7. Bd2 Qd8 8. Bc3 Nf6 9. Nxf6+ Bxf6 10. Bxf6 exf6
11. Qd2 O-O 12. O-O-O Re8 13. Bc4 Nc6 14. Qd5 Qe7 15. h4 Nb4 16. Qd6 Qxd6 17. Rxd6 Rxe4 18. Bb3 f5 19. h5 a5 20. hxg6 hxg6
21. Rxg6+ Kf8 22. Rh8+ Ke7 23. Rgg8 a4 24. Rxc8 Rxc8 25. Rxc8 axb3 26. axb3 Re2 27. Rc7 b6 28. c3 Nd3+ 29. Kd1 Rxf2 30. g3 Nxb2+
31. Kc1 Nd3+
0-1

[Event "1700's Anonymous - The Continuing Adventures"]
[Site "SchemingMind.com"]
[Date "2011.11.19"]
[Round "-"]
[White "Gnagflow"]
[Black "jjb091"]
[Result "1-0"]
[WhiteCountry "GER"]
[BlackCountry "USA"]
[WhiteElo "1799"]
[WhiteRD "76"]
[BlackElo "1816"]
[BlackRD "87"]
[GameID "297154"]

1. e4 e6 2. d4 d5 3. Nd2 Nf6 4. Bd3 c5 5. dxc5 Bxc5 6. e5 Nfd7 7. Ngf3 Nc6 8. Bb5 Bxf2+ 9. Kxf2 Qb6+ 10. Kg3 Qxb5
11. h4 Ncxe5 12. Nxe5 Nxe5 13. Rf1 O-O 14. a4 Qb4 15. Rf4 Qd6 16. Ne4 Qc7 17. Nf6+ gxf6 18. Rxf6 Kh8 19. Bf4 Rg8+ 20. Kh3 Rg6
21. Qh5 Rxf6 22. Bxe5 Qxc2 23. Rf1 Qg6 24. Qxg6 hxg6 25. Rxf6 Kg8 26. Kg4 Bd7 27. b3 Rc8 28. Rf2 f5+ 29. Kg5 Kf7 30. g3 Rc1
31. Rf3 Re1 32. Bd4 Re4 33. Bxa7 d4 34. Rf4 Rxf4 35. Kxf4 Ke7 36. Bxd4 Bc6= 37. a5 Bb5 38. Ke5 Be2 39. Be3 Bb5 40. Kd4 Kd7
41. Bf4 Bc6 42. Ke5 Bf3 43. Kf6 Bd1 44. Kxg6 Bxb3 45. h5 Ke8 46. h6
1-0

[Event "1700's Anonymous - The Continuing Adventures"]
[Site "SchemingMind.com"]
[Date "2011.11.17"]
[Round "-"]
[White "Gnagflow"]
[Black "Clive Everill"]
[Result "1-0"]
[WhiteCountry "GER"]
[BlackCountry "CZE"]
[WhiteElo "1746"]
[WhiteRD "74"]
[BlackElo "1785"]
[BlackRD "52"]
[GameID "297155"]

1. e4 c5 2. Nf3 Nc6 3. d4 cxd4 4. Nxd4 Nf6 5. Nc3 d6 6. Bb5 Bd7 7. O-O e6 8. a3 Be7 9. Nxc6 bxc6 10. Bd3 e5
11. Bc4 O-O 12. h3 Qc8 13. Qf3 Rb8 14. b4 Be6 15. Be2 d5 16. exd5 cxd5 17. Bg5 Re8 18. Rac1 d4 19. Bxf6 Bxf6 20. Ne4 Be7
21. c4 f5 22. Nd2 e4 23. Qf4 Qd8 24. Qe5 Bf6 25. Qh2 d3 26. Bd1 Bd4 27. Ba4 Re7 28. Nb3 Bb2 29. Rb1 Bxa3 30. Na5 Rb6
31. c5 Ra6 32. Nc6 Rxc6 33. Bxc6 Qd4 34. Qd6 Qf6 35. Bd5 Bxd5 36. Qxd5+ Kf8 37. Qb3 Bxb4 38. Qxb4 Qc6 39. Rb2 e3 40. fxe3 Rxe3
41. Rxf5+ Ke7 42. Qf4 Re2 43. Rf7+
1-0

[Event "1700's Anonymous - The Continuing Adventures"]
[Site "SchemingMind.com"]
[Date "2011.11.19"]
[Round "-"]
[White "Gnagflow"]
[Black "emvarela"]
[Result "0-1"]
[WhiteCountry "GER"]
[BlackCountry "ARG"]
[WhiteElo "1769"]
[WhiteRD "82"]
[BlackElo "1819"]
[BlackRD "48"]
[GameID "297156"]

1. e4 e5 2. Nf3 Nc6 3. Bb5 a6 4. Ba4 Nf6 5. d3 b5 6. Bb3 d6 7. O-O Na5 8. c4 b4 9. Bd2 Bg4 10. Bxb4 Bxf3
11. Qxf3 Nxb3 12. axb3 Qb8 13. Ba5 c6 14. Nd2 Be7 15. b4 O-O 16. b3 Bd8 17. c5 dxc5 18. bxc5 Bxa5 19. Rxa5 Qb4 20. Nc4 Qxb3
21. Nxe5 Qe6 22. d4 Rfb8 23. Ra3 Rb4 24. Rd1 a5 25. h3 Rab8 26. Rxa5 Rb3 27. Qe2 g6 28. Ra6 Rb2 29. Qe1 Qb3 30. Nxc6 Re8
31. Rb6 Qc2 32. Nb4 Qxe4 33. Qxe4 Nxe4 34. f3 Nc3 35. Rd3 Ne2+ 36. Kf1 Ng3+ 37. Kg1 Re1+ 38. Kh2 Nf1+ 39. Kg1 Ne3+ 40. Kh2 Rxg2#
0-1

[Event "1700's Anonymous - The Continuing Adventures"]
[Site "SchemingMind.com"]
[Date "2011.11.18"]
[Round "-"]
[White "Gnagflow"]
[Black "Daryl Fouard"]
[Result "0-1"]
[WhiteCountry "GER"]
[BlackCountry "USA"]
[WhiteElo "1746"]
[WhiteRD "74"]
[BlackElo "1812"]
[BlackRD "68"]
[GameID "297157"]

1. e4 c5 2. Nf3 g6 3. d4 Bg7 4. Nc3 cxd4 5. Nxd4 Nc6 6. Bc4 Nxd4 7. Be3 Nc6 8. Qf3 Ne5 9. Qe2 Qc7 10. Bb3 Nf6
11. O-O-O d6 12. h3 O-O 13. f4 Ned7 14. g4 Nc5 15. Nd5 Nxd5 16. Bxd5 Qb6 17. c3 e6 18. Bxc5 Qxc5 19. Bb3 Bd7 20. g5 Bb5
21. Qd2 Rac8 22. Kb1 a5 23. a4 Bc4 24. Bc2 Rfd8 25. h4 d5 26. e5 Qb6 27. Rh3 Bb3 28. Rd3 Bxc2+ 29. Qxc2 Rc4 30. h5 Rxf4
31. R1d2 Bxe5 32. Qd1 gxh5 33. Qxh5 Qg1+ 34. Ka2 Qg4 35. Qxg4 Rxg4
0-1

[Event "1700's Anonymous - The Continuing Adventures"]
[Site "SchemingMind.com"]
[Date "2011.11.17"]
[Round "-"]
[White "Gnagflow"]
[Black "Olli Ylönen"]
[Result "0-1"]
[WhiteCountry "GER"]
[BlackCountry "FIN"]
[WhiteElo "1766"]
[WhiteRD "79"]
[BlackElo "1778"]
[BlackRD "48"]
[GameID "297158"]

1. e4 e5 2. Nf3 Nc6 3. Bc4 Nf6 4. d4 exd4 5. O-O Nxe4 6. Nxd4 d5 7. Re1 Nxd4 8. Qxd4 Be6 9. Bb3 Bc5 10. Qxg7 Qh4
11. g3 Bxf2+ 12. Kh1 Nxg3+ 13. Kg2 Bxe1 14. hxg3 Qh3+ 15. Kf3 Qf1+ 16. Ke3 Qf2+ 17. Kd3 Bf5#
0-1

[Event "1700's Anonymous - The Continuing Adventures"]
[Site "SchemingMind.com"]
[Date "2011.11.19"]
[Round "-"]
[White "jjb091"]
[Black "Gnagflow"]
[Result "1-0"]
[WhiteCountry "USA"]
[BlackCountry "GER"]
[WhiteElo "1871"]
[WhiteRD "90"]
[BlackElo "1746"]
[BlackRD "74"]
[GameID "297159"]

1. e4 c5 2. Nf3 e6 3. d4 d5 4. exd5 Qxd5 5. Nc3 Qd8 6. Bf4 Nc6 7. Nb5 e5 8. dxe5 a6 9. Qxd8+ Kxd8 10. O-O-O+ Ke7
11. Nc7 Ra7 12. Bg5+ f6 13. exf6+ gxf6 14. Bh4 b5 15. Nd5+ Kf7 16. Bd3 c4 17. Be4 b4 18. Nb6 Be6 19. Bxc6 Bc5 20. Nd7 Rc7
21. Ba4 Be7 22. Nb6 b3 23. axb3 cxb3 24. c3 Nh6 25. Nd5 Rb7 26. Nxe7 Kxe7 27. Rhe1 Kf7 28. Nd4 Bc4 29. Bc6 Rc7 30. Bg3 Rcc8
31. Bd6 Rhd8 32. Re7+ Kg6 33. Bb7 Rxd6 34. Bxc8
1-0

[Event "1700's Anonymous - The Continuing Adventures"]
[Site "SchemingMind.com"]
[Date "2011.11.17"]
[Round "-"]
[White "Clive Everill"]
[Black "Gnagflow"]
[Result "0-1"]
[WhiteCountry "CZE"]
[BlackCountry "GER"]
[WhiteElo "1785"]
[WhiteRD "52"]
[BlackElo "1746"]
[BlackRD "74"]
[GameID "297160"]

1. c4 g6 2. Nc3 Bg7 3. g3 e5 4. e4 d6 5. Bg2 Nf6 6. Nge2 Be6 7. d3 O-O 8. h3 c5 9. Bg5 Nc6 10. Qd2 Qd7
11. Nd5 Bxd5 12. cxd5 Nd4 13. O-O b5 14. f4 Nh5 15. Nxd4 exd4 16. g4 Nf6 17. b4 c4 18. dxc4 bxc4 19. Qxd4 Nxg4 20. e5 dxe5
21. fxe5 Nxe5 22. Bf6 Qd6 23. Bxg7 Kxg7 24. Rfe1 f6 25. a3 Rfe8 26. b5 Nf3+ 27. Bxf3 Qg3+ 28. Kf1 Qxf3+ 29. Qf2 Qxh3+ 30. Kg1 Rxe1+
31. Rxe1 Qxa3 32. b6 axb6 33. Qxb6 Qa7 34. Qxa7+ Rxa7 35. Rc1 Ra4 36. Kf2 Kf7 37. Ke3 Ke7 38. Kd4 Kd6 39. Re1 c3+ 40. Kxc3 Kxd5
41. Re7 h5 42. Rd7+ Ke4 43. Rd6 Ke5 44. Rb6 g5 45. Kd3 h4
0-1

[Event "1700's Anonymous - The Continuing Adventures"]
[Site "SchemingMind.com"]
[Date "2011.11.19"]
[Round "-"]
[White "emvarela"]
[Black "Gnagflow"]
[Result "1-0"]
[WhiteCountry "ARG"]
[BlackCountry "GER"]
[WhiteElo "1819"]
[WhiteRD "48"]
[BlackElo "1769"]
[BlackRD "82"]
[GameID "297161"]

1. e4 c5 2. Nf3 d6 3. d4 cxd4 4. Nxd4 Nf6 5. Nc3 a6 6. Be3 e5 7. Nb3 Be7 8. f3 Be6 9. Qd2 O-O 10. O-O-O Nc6
11. g4 Qd7 12. h4 h5 13. gxh5 Nxh5 14. Nd5 f5 15. Nxe7+ Nxe7 16. Qxd6 Qxd6 17. Rxd6 Bxb3 18. axb3 fxe4 19. Bc4+ Kh7 20. fxe4 Ng3
21. Rg1 Rf3 22. Bc5 b5 23. Bd3 Ng6 24. Rd7 Rc8 25. b4 Nf4 26. Kd2 Nfh5 27. b3 Rcf8 28. Bxf8 Rxf8 29. Rd6 Rf6 30. Rxf6 gxf6
31. c4
1-0